=LDR 00000nam 2200000 4500 =001 INLIS000000000013290 =005 20130612104715 =008 ***********************************Ind** =035 ##$$a0010-061300000013290 =041 ##$$a Ind =082 ##$$a 331.110 6 =090 ##$$a 331.110 6, Has m =100 ##$$a Hasibuan, H. Malayu S.P =245 ##$$a Manajemen sumber daya manusia, Drs.H. Malayu S.P. Hasibuan =260 ##$$a 2003 $b Jakarta =300 ##$$a 275 hlm., 23 cm =650 ##$$a Tenaga kerja =650 ##$$a Manajemen =850 ##$$a NBPNMAT =990 ##$$a 91191/BPAP-NTB/2014 =990 ##$$a 91192/BPAP-NTB/2014